00480nam a2200133Ia 4500008004100000024006000041082001900101100008200120245003600202260002600238600003200264650003300296999001700329260210s9999 xx 000 0 und d a09B-029-CE, 09B-019-CE, 09B-021-CE & 09B-023-CE a629.892072 MAH aIhsanullah Baz Mahboobi, Najam-E-Sahar, Raza Ul Mustafa & Fazal Ur Rehman 0aSpecialized Fire Fighting Robot aKarachi:bUITU,c2009 aComputer System Engineering aBachelor of Engineering (BE) c32753d32753